00393nam a2200157Ia 45000010006000000050017000060080041000230410008000640820016000721000025000882450069001132600009001823000028001916500008002196540008002271139220260306162824.0260306t2012||||xx |||||||||||||| ||spa|| aESP a985.04bM52 aMc Evoy, CarmeneAUT 0aEn el nudo del imperio:bindependencia y democracia en el Perú c2012 a499 páginas :c23 cm. aGEN aCHU